000 01488 a2200433 4500
001 44482
003 ES-MaCES
005 20140313141027.0
008 140313s sp ||||| ||||o||||||spa|d
017 _aV 2377-2013
_bDL
020 _a9788490339794
020 _a9788470888809 (INAP)
022 _2635130211
_anipo
040 _aES-MaCES
_bspa
_cES-MaCES
245 0 0 _aPolítica y gobierno en el Estado autonómico
_cdir., Jaime Ferri Durá ; autores, Álvaro Aznar Forniés ... [et al.]
260 _c[Madrid]
_bINAP
260 _aValencia
_bTirant lo Blanch
_c2013
300 _a463 p.
_c21 cm
490 1 _aCiencia política
_v57
504 _aBibliografía
541 _cCompra
650 4 _930768
_aComunidades Autónomas
650 4 _929907
_agobierno regional
650 4 _930779
_apolítica regional
650 4 _927218
_adescentralización
650 4 _930889
_atransferencia de competencias
650 4 _927209
_aadministración fiscal
650 4 _929481
_aEstado-Benefactor
650 4 _927211
_apolítica gubernamental
650 4 _929802
_adesarrollo institucional
650 4 _926964
_aEspaña
653 1 0 _aAdministración-Instituciones públicas
700 1 _912084
_aFerri Durá, Jaime
_edir.
700 1 _934844
_aAznar Forniés, Álvaro
710 2 _94265
_aInstituto Nacional de Administración Pública (España)
_eed.
830 0 _933149
_aCiencia política (Tirant lo Blanch (Firma))
_v57
902 _aLIB Libro
942 _2CES
_cBK
_h6.3.
999 _c44482
_d44482